| 000 | 01383nam0a22002771 4500 | ||
|---|---|---|---|
| 001 | rc\4350366 | ||
| 005 | 20130416135548.0 | ||
| 035 | _a(NLR Aleph) 008278193 | ||
| 090 |
_a8499659 _c8499659 |
||
| 100 | _a20130416d1962 |||y0rusy50 ca | ||
| 101 | 0 | _arus | |
| 102 | _aRU | ||
| 105 | _aa z ||||| | ||
| 200 | 1 |
_aМелкомодульные зубчатые колеса из пластических масс _fГос. Ком. Совета Министров РСФСР по координации науч.-исслед. работ. Гос. Науч.-исслед. ин-т науч. и техн. информации |
|
| 210 |
_aМосква _cБ. и. _d1962 |
||
| 215 |
_a68 с. _cчерт. _d26 |
||
| 225 | 1 |
_aПередовой научно-технический и производственный опыт _v№ М-62-232. Тема 13 _iПрименение пластмасс в промышленности _vВып. 10 |
|
| 300 | _aНа обл. только загл. серии | ||
| 300 | _aПеред загл. авт.: канд. техн. наук С.И. Гуревич, инж. В.А. Ермаков, инж. М.А. Москалев | ||
| 320 | _aБиблиогр.: с. 68 | ||
| 700 | 1 |
_aГуревич _bС. И. _gСавелий Иосифович |
|
| 801 | 0 |
_aRU _bNLR _gpsbo |
|
| 801 | 1 |
_aRU _bELAR _2rusmarc |
|
| 852 |
_aNLR _jП11/1538 |
||
| 942 | _cBOOK | ||
| 980 | _aNB | ||